TEACHING OF ENGLISH (Record no. 19917)

MARC details
000 -LEADER
fixed length control field 00241nam a22001217a 4500
003 - CONTROL NUMBER IDENTIFIER
control field SGT
082 ## - DEWEY DECIMAL CLASSIFICATION NUMBER
Item number SIN
100 ## - MAIN ENTRY--PERSONAL NAME
Personal name SINGH, Y.K.
245 ## - TITLE STATEMENT
Title TEACHING OF ENGLISH
260 ## - PUBLICATION, DISTRIBUTION, ETC. (IMPRINT)
Place of publication, distribution, etc DELHI
Name of publisher, distributor, etc APH PUB.
Year of Publication 2018
300 ## - PAGE DESCRIPTION
No. of Pages 297
942 ## - ADDED ENTRY ELEMENTS (KOHA)
Source of classification or shelving scheme Dewey Decimal Classification
Koha item type Books
Holdings
Withdrawn status Lost status Source of classification or shelving scheme Damaged status Not for loan Collection code Home library Current library Date acquired Cost, normal purchase price SGTU Bill Number Total Checkouts Full call number Accession No. (Barcode) Date last seen Date last borrowed Bill Date Koha item type
    Dewey Decimal Classification     EDUCATION SGT Engineering Library SGT Engineering Library 29/04/2020 250.00 SGTU 101 1 SIN ED4599 21/08/2025 21/08/2025 29/04/2020 Books
    Dewey Decimal Classification     EDUCATION SGT Engineering Library SGT Engineering Library 29/04/2020 250.00 SGTU 101 1 SIN ED4600 21/08/2025 21/08/2025 29/04/2020 Books